George Muster /

¿Quién fue George Musters? ¿Por qué decidió recorrer la Patagonia y entablar amistad con los patagones? Conocemos a este aristócrata inglés nacido en Nápoles, que se hizo acreedor de los calificativos "The King of Patagonia" y "el Marco Polo de la Patagonia".

Guardado en:
Autor Principal: Chiarelli, Pablo
Autor Corporativo: Canal Encuentro.
Formato: Deslizar
Publicado: Argentina, 2008
Series:Naturalistas viajeros
Materias:
Acceso en línea:https://www.educ.ar/recursos/101746/george-musters
Etiquetas: Agregar Etiqueta
Sin Etiquetas, Sea el primero en etiquetar este registro!
LEADER 01136ngm a22003015g 4500
001 CEM.cems023741
008 130507s2008##################0###0#####d
005 20250630165013.0
245 1 0 |a George Muster /  |c Pablo Chiarelli. 
260 |a Argentina,  |c 2008 
300 |a 28'. 
490 0 |a Naturalistas viajeros 
500 |a Consultar en ventanilla. 
520 |a ¿Quién fue George Musters? ¿Por qué decidió recorrer la Patagonia y entablar amistad con los patagones? Conocemos a este aristócrata inglés nacido en Nápoles, que se hizo acreedor de los calificativos "The King of Patagonia" y "el Marco Polo de la Patagonia". 
538 |a Soporte: DVD - Color: Si - Grabación DRD 
100 1 |a Chiarelli, Pablo 
710 2 |a Canal Encuentro. 
082 9 4 |/ CHI 
653 |a EXPLORADORES 
653 |a CIENCIAS NATURALES 
653 |a CIENTIFICOS 
653 |a CIENCIA 
653 |a NATURALISMO 
653 |a GEOGRAFIA 
653 |a VIAJEROS 
653 |a SERIE DE TELEVISIÓN 
856 |u https://www.educ.ar/recursos/101746/george-musters 
859 |a CEMS  |b BIB. CEMS - Depto. Recursos Didacticos  |h 940  |i CHI  |k DRD  |p 2384.15  |t Ej.1